Les prénoms les plus portés en France au XXème siècle par lettre. - Statistiques

Statistiques générales
  • Ce quiz a été pris 93 fois
  • Le résultat moyen est 25 sur 52
Statistiques - réponses
Lettres Prénoms % Correct
J Jean
88%
M Marie
74%
P Pierre
73%
F François
70%
J Jeanne
70%
L Louis
70%
Q Quentin
70%
Z Zoé
70%
X Xavier
67%
B Bernard
62%
A Anne
61%
I Isabelle
61%
K Kévin
61%
O Olivier
61%
H Henri
59%
Y Yves
59%
F Françoise
56%
L Louise
55%
R René
55%
G Georges
52%
M Michel
52%
N Nathalie
52%
A André
50%
W William
50%
Y Yvonne
48%
D Daniel
47%
D Denise
47%
H Hélène
47%
N Nicolas
47%
E Eric
45%
K Karine
45%
P Patricia
45%
S Stéphane
45%
T Thierry
45%
V Vincent
44%
C Christophe
41%
E Emilie
39%
S Sylvie
39%
C Catherine
38%
V Véronique
36%
B Brigitte
35%
U Ursule
35%
T Thérèse
32%
O Odette
29%
R Renée
27%
X Xavière
24%
U Ulysse
21%
G Germaine
20%
I Isidore
20%
W Wendy
11%
Z Zack
9%
Q Quiterie
8%
Aucun quiz correspondant
Distribution des résultats
% des personnes avec chaque résultat
Percentile par nombre de réponses
Votre historique - résultats
Vous n’avez pas pris ce quiz